| 000 | 00384nam a22001457a 4500 | ||
|---|---|---|---|
| 003 | OSt | ||
| 005 | 20160727222454.0 | ||
| 008 | 160705b xxu||||| |||| 00| 0 eng d | ||
| 040 | _cTEST | ||
| 100 |
_92132 _a Osborne, C.G |
||
| 245 | _aThe Art of Learning to Love Yourself | ||
| 260 |
_aMichigan _b Zondervan _c1976 |
||
| 300 | _aThe Art of Learning to Love Yourself | ||
| 942 |
_2ddc _cBK |
||
| 999 |
_c1825 _d1825 |
||